Normal view
MARC view
Entry Personal Name
001 - CONTROL NUMBER
- control field: 28109
003 - CONTROL NUMBER IDENTIFIER
- control field: OSt
005 - DATE AND TIME OF LATEST TRANSACTION
- control field: 20240708095550.0
008 - FIXED-LENGTH DATA ELEMENTS
- fixed length control field: 240708|| aca||aabn | a|a d
040 ## - CATALOGING SOURCE
- Original cataloging agency: OSt
- Transcribing agency: OSt
100 ## - HEADING--PERSONAL NAME
- Personal name: Bell, Anthea
- Relator term: translator
670 ## - SOURCE DATA FOUND
- Source citation: Work cat.: (OSt)13910: Funke, Cornelia. 28105, Inkspell /, 2005.